Loading...
| Literature - European | 1 | 3 | 0 | 0 | 45 | 72 | 97.75 | 2 | 4 | 0.00 | 0.00 |
| Science - Biology | 2 | 0 | 0 | 0 | 30 | 41 | 61.00 | 1 | 2 | 0.00 | 0.00 |
| Science - Physics | 1 | 1 | 0 | 0 | 25 | 70 | 86.00 | 2 | 2 | 0.00 | 0.00 |
| Beliefs | 1 | 1 | 1 | 0 | 20 | 35 | 75.50 | 2 | 2 | 0.00 | 0.00 |
| Literature - British | 1 | 0 | 0 | 0 | 15 | 71 | 71.00 | 1 | 1 | 0.00 | 0.00 |
| 0 | 1 | 0 | 1 | 10 | 132 | 132.00 | 0 | 1 | 0.00 | 0.00 | |
| Philosophy | 0 | 1 | 0 | 0 | 10 | 69 | 69.00 | 1 | 1 | 0.00 | 0.00 |
| History - American | 0 | 1 | 0 | 0 | 10 | 91 | 91.00 | 1 | 1 | 0.00 | 0.00 |
| Science - Chemistry | 0 | 1 | 0 | 0 | 10 | 102 | 102.00 | 1 | 1 | 0.00 | 0.00 |
| History - European | 0 | 1 | 0 | 0 | 10 | 122 | 122.00 | 0 | 1 | 0.00 | 0.00 |
| Other Arts: Auditory | 0 | 1 | 0 | 1 | 10 | 134 | 134.00 | 0 | 1 | 0.00 | 0.00 |
| Literature - American | 0 | 1 | 1 | 1 | 5 | 130 | 130.00 | 1 | 1 | 0.00 | 0.00 |
| History - World | 0 | 0 | 1 | 0 | -5 | 0.00 | 0 | 0 | 0.00 | 0.00 | |
| Fine Arts - Auditory | 0 | 0 | 1 | 0 | -5 | 0.00 | 0 | 0 | 0.00 | 0.00 |